Catálogo

Habilidades directivas : (Registro nro. 69523)

Detalles MARC
000 -LEADER
fixed length control field 01371aam a2200337 i 4500
001 - CONTROL NUMBER
control field 69523
003 - CONTROL NUMBER IDENTIFIER
control field Mx-PuUPA
005 - DATE AND TIME OF LATEST TRANSACTION
control field 20220302080958.0
008 - FIXED-LENGTH DATA ELEMENTS--GENERAL INFORMATION
fixed length control field 211119s2002 mx a|||gr|||| 001 0 spa d
020 ## - INTERNATIONAL STANDARD BOOK NUMBER
International Standard Book Number 9781456257484
040 ## - CATALOGING SOURCE
Original cataloging agency Mx-PuUPA
Language of cataloging spa
Transcribing agency Mx-PuUPA
Modifying agency Mx-PuUPA
Description conventions rda
041 0# - LANGUAGE CODE
Language code of text/sound track or separate title spa
245 00 - TITLE STATEMENT
Title Habilidades directivas :
Remainder of title teoría, autoaprendizaje, desarrollo y crecimiento /
Statement of responsibility, etc. Berta Ermila Madrigal Torres, [editor] ; con la colaboración de Juan Manuel Vázquez Flores, Marco Alberto Núñez Ramírez, Omar Gómez Quintero [y otros seis]
250 ## - EDITION STATEMENT
Edition statement Tercera edición
264 #1 - PRODUCTION, PUBLICATION, DISTRIBUTION, MANUFACTURE, AND COPYRIGHT NOTICE
Place of production, publication, distribution, manufacture Ciudad de México :
Name of producer, publisher, distributor, manufacturer McGraw-Hill / Interamericana Editores,
Date of production, publication, distribution, manufacture, or copyright notice ©2017
300 ## - PHYSICAL DESCRIPTION
Extent xx, 220 páginas :
Other physical details ilustraciones ;
Dimensions 27 cm
336 ## - CONTENT TYPE
Fuente rdacontent
Content type term texto
Content type code txt
337 ## - MEDIA TYPE
Source rdamedia
Media type term sin medio
Media type code n
338 ## - CARRIER TYPE
Source rdacarrier
Carrier type term volumen
Carrier type code nc
650 #4 - SUBJECT ADDED ENTRY--TOPICAL TERM
Topical term or geographic name entry element Liderazgo
650 #4 - SUBJECT ADDED ENTRY--TOPICAL TERM
Topical term or geographic name entry element Aptitud de mando
650 #4 - SUBJECT ADDED ENTRY--TOPICAL TERM
Topical term or geographic name entry element Administración
700 1# - ADDED ENTRY--PERSONAL NAME
Personal name Madrigal Torres, Berta Ermila,
Relator term editor
9 (RLIN) 11781
700 1# - ADDED ENTRY--PERSONAL NAME
Personal name Vázquez Flores, Juan Manuel,
Relator term colaborador
700 1# - ADDED ENTRY--PERSONAL NAME
Personal name Núñez Ramírez, Marco Alberto,
Relator term colaborador
700 1# - ADDED ENTRY--PERSONAL NAME
Personal name Gómez Quintero, Omar,
Relator term colaborador
942 ## - ADDED ENTRY ELEMENTS (KOHA)
Source of classification or shelving scheme Dewey Decimal Classification
Classification part 658.4092
Item part H113
Koha item type Libro
Existencias
Withdrawn status Lost status Source of classification or shelving scheme Damaged status Not for loan Collection code Home library Current library Shelving location Date acquired Source of acquisition Cost, normal purchase price Full call number Barcode Date last seen Cost, replacement price Price effective from Koha item type Total Checkouts Total Renewals Date last checked out Copy number
    Dewey Decimal Classification     General Biblioteca Karol Wojtyla Biblioteca Karol Wojtyla Sala general 15/04/2024 1 344.00 658.4092 H113 2017 102253 05/01/2026 344.00 15/04/2024 Libro        
    Dewey Decimal Classification     General Biblioteca Karol Wojtyla Biblioteca Karol Wojtyla Sala general 15/04/2024 1 344.00 658.4092 H113 2017 102254 05/01/2026 344.00 15/04/2024 Libro 2 1 12/03/2025 Ej.2